[Event "Carnaval"]
[Site "Quebec CAN"]
[Date "2005.02.19"]
[Round "2"]
[White "Sarra-Bournet, Marc"]
[Black "Lessard, Claude"]
[Result "1-0"]
[WhiteElo "1760"]
[BlackElo "1964"]
[PlyCount "59"]
[GameId "2160767910965645"]
[EventDate "2005.02.18"]
[EventType "swiss"]
[EventRounds "5"]
[EventCountry "CAN"]

1. e4 c5 2. Nc3 d6 3. f4 Nc6 4. Nf3 Bg4 5. Bc4 e6 6. O-O a6 7. a4 Nge7 8. f5 Ne5 9. fxe6 Nxc4 10. exf7+ Kd7 11. d3 Ne5 12. Nxe5+ dxe5 13. Qxg4+ Kc7 14. Be3 Qd6 15. a5 h5 16. Qf3 Rc8 17. Na4 Kb8 18. Nb6 Rc6 19. Nc4 Qc7 20. Nxe5 Rf6 21. Qg3 Ka8 22. Rxf6 gxf6 23. Nc4 Qc6 24. Qd6 Qxd6 25. Nxd6 h4 26. Rf1 f5 27. Nxf5 Nc6 28. Bg5 h3 29. gxh3 Rxh3 30. Nh4 1-0

[Event "Carnaval"]
[Site "Quebec CAN"]
[Date "2005.02.19"]
[Round "2"]
[White "Sauve, Richard"]
[Black "Champetier, Serge"]
[Result "0-1"]
[WhiteElo "2047"]
[BlackElo "1908"]
[PlyCount "74"]
[GameId "2160767910965646"]
[EventDate "2005.02.18"]
[EventType "swiss"]
[EventRounds "5"]
[EventCountry "CAN"]
[SourceTitle "EXT 2006"]
[Source "ChessBase"]
[SourceDate "2005.11.24"]
[SourceVersion "1"]
[SourceVersionDate "2005.11.24"]
[SourceQuality "1"]

1. d4 d5 2. c4 Nc6 3. Nc3 dxc4 4. Nf3 Nf6 5. Bg5 a6 6. Bxf6 exf6 7. a4 Bb4 8. e3 Be6 9. Be2 O-O 10. O-O Na5 11. Qc2 c6 12. Rfd1 Nb3 13. Ra2 b5 14. d5 cxd5 15. Nxd5 Bxd5 16. e4 Bxe4 17. Qxe4 Qe8 18. Qc2 Qe6 19. axb5 axb5 20. Rxa8 Rxa8 21. Bf1 g6 22. Nd4 Nxd4 23. Rxd4 Bc5 24. Rd1 Rc8 25. g3 Kg7 26. Bg2 Re8 27. Bf1 Qb6 28. Rb1 Re5 29. Rd1 Rf5 30. Rd2 Rf3 31. Bg2 Rb3 32. Rd7 Qe6 33. Rd1 Bb6 34. Rd5 Qe1+ 35. Bf1 Bc7 36. Rd1 Qb4 37. Rd7 Rxb2 0-1

[Event "Carnaval"]
[Site "Quebec CAN"]
[Date "2005.02.19"]
[Round "2"]
[White "Valley, Michel"]
[Black "Marquis, Paul"]
[Result "1-0"]
[WhiteElo "1993"]
[BlackElo "1895"]
[PlyCount "99"]
[GameId "2160767910965647"]
[EventDate "2005.02.18"]
[EventType "swiss"]
[EventRounds "5"]
[EventCountry "CAN"]
[SourceTitle "EXT 2006"]
[Source "ChessBase"]
[SourceDate "2005.11.24"]
[SourceVersion "1"]
[SourceVersionDate "2005.11.24"]
[SourceQuality "1"]

1. d4 Nf6 2. c4 g6 3. Nc3 Bg7 4. e4 d6 5. Be2 O-O 6. Nf3 e5 7. Be3 Ng4 8. Bg5 f6 9. Bh4 Nc6 10. O-O Ne7 11. dxe5 Nxe5 12. Nxe5 dxe5 13. Qxd8 Rxd8 14. Nd5 Nxd5 15. cxd5 g5 16. Bg3 Bf8 17. Rac1 Bd6 18. Bb5 Bd7 19. Bxd7 Rxd7 20. Rc2 Rf8 21. f3 f5 22. Rfc1 f4 23. Bf2 b6 24. b4 Ra8 25. a4 a5 26. b5 h5 27. Kf1 Kf7 28. Be1 Kf6 29. Rc6 Ke7 30. Bc3 Kf6 31. Bb2 Kf7 32. R1c3 Re8 33. Ba3 Bxa3 34. Rxa3 Kg7 35. Rac3 Ree7 36. h3 h4 37. Kf2 Kf8 38. Ke2 Rg7 39. Kd3 Rge7 40. Rf6+ Rf7 41. Rcc6 Rxf6 42. Rxf6+ Rf7 43. Rg6 Rg7 44. Rxg7 Kxg7 45. d6 cxd6 46. Kc4 Kf6 47. Kd5 Ke7 48. Kc6 Ke6 49. Kxb6 Kd7 50. Ka7 1-0

[Event "Carnaval"]
[Site "Quebec CAN"]
[Date "2005.02.19"]
[Round "3"]
[White "Bolduc, Steve"]
[Black "Sarra-Bournet, Marc"]
[Result "1-0"]
[WhiteElo "2258"]
[BlackElo "1760"]
[PlyCount "95"]
[GameId "2160767910965648"]
[EventDate "2005.02.18"]
[EventType "swiss"]
[EventRounds "5"]
[EventCountry "CAN"]

1. d4 d5 2. c4 e6 3. Nc3 Nf6 4. Bg5 Nbd7 5. e3 Be7 6. Nf3 O-O 7. Rc1 b6 8. cxd5 exd5 9. Bd3 Bb7 10. O-O Re8 11. Bf4 c6 12. h3 Nf8 13. Ne5 Ne6 14. Bh2 Ng5 15. Ne2 Bd6 16. Nxc6 Bxh2+ 17. Kxh2 Qd6+ 18. Ne5 Nd7 19. f4 Ne4 20. Bxe4 dxe4 21. Ng3 Nf6 22. Qb3 Bd5 23. Qa4 Rec8 24. Qa6 Rc7 25. Nf5 Qd8 26. Qa3 Rac8 27. Ne7+ Qxe7 28. Qxe7 Rxe7 29. Rxc8+ Ne8 30. b3 f6 31. Nc4 Kf7 32. Rc1 Rd7 33. g4 Bb7 34. Rb8 Ke7 35. Kg3 Rc7 36. Rxe8+ Kxe8 37. Nd6+ Kd7 38. Rxc7+ Kxc7 39. Nxb7 Kxb7 40. f5 Kc6 41. Kf4 Kd5 42. h4 h6 43. h5 a6 44. a3 a5 45. a4 Kc6 46. Kxe4 b5 47. Kd3 bxa4 48. bxa4 1-0

[Event "Carnaval"]
[Site "Quebec CAN"]
[Date "2005.02.19"]
[Round "3"]
[White "Caron, Sebastien"]
[Black "Lalonde, Jean-Louis"]
[Result "1/2-1/2"]
[WhiteElo "1824"]
[BlackElo "1911"]
[PlyCount "115"]
[GameId "2160767910965649"]
[EventDate "2005.02.18"]
[EventType "swiss"]
[EventRounds "5"]
[EventCountry "CAN"]
[SourceTitle "EXT 2006"]
[Source "ChessBase"]
[SourceDate "2005.11.24"]
[SourceVersion "1"]
[SourceVersionDate "2005.11.24"]
[SourceQuality "1"]

1. e4 c5 2. Nf3 Nc6 3. d4 cxd4 4. Nxd4 Nf6 5. Nc3 e5 6. Ndb5 d6 7. Bg5 a6 8. Na3 b5 9. Nd5 Be7 10. Bxf6 Bxf6 11. c3 O-O 12. Nc2 Bg5 13. h4 Bh6 14. g4 Bf4 15. Nxf4 exf4 16. Qd5 Bb7 17. O-O-O Qb6 18. Qd2 a5 19. Qxf4 b4 20. h5 bxc3 21. bxc3 Qd8 22. Rxd6 Qe7 23. h6 Qe5 24. Qxe5 Nxe5 25. hxg7 Kxg7 26. Rh5 Rfe8 27. f4 Ng6 28. f5 Ne5 29. Bb5 Bxe4 30. Bxe8 Rxe8 31. Rdh6 Nxg4 32. Rxh7+ Kf8 33. Rh8+ Ke7 34. Rxe8+ Kxe8 35. Nd4 Kd7 36. Nb3 Bd5 37. Rh4 Ne3 38. Rd4 Kd6 39. Nxa5 Ke5 40. Ra4 Nxf5 41. c4 Bg2 42. Kd2 Nd6 43. c5 Ne4+ 44. Rxe4+ Bxe4 45. Nb3 Kd5 46. Kc3 f5 47. Kb4 f4 48. Kb5 f3 49. Kb6 f2 50. Nd2 Bd3 51. c6 Bf5 52. c7 Bc8 53. a4 Ke6 54. Kc6 Ke7 55. a5 Ke6 56. Kb6 Kd7 57. Nf1 Kd6 58. a6 1/2-1/2

[Event "Carnaval"]
[Site "Quebec CAN"]
[Date "2005.02.19"]
[Round "3"]
[White "Champetier, Serge"]
[Black "Cazelais, Marc"]
[Result "1-0"]
[WhiteElo "1908"]
[BlackElo "2249"]
[PlyCount "102"]
[GameId "2160767910965650"]
[EventDate "2005.02.18"]
[EventType "swiss"]
[EventRounds "5"]
[EventCountry "CAN"]
[SourceTitle "EXT 2006"]
[Source "ChessBase"]
[SourceDate "2005.11.24"]
[SourceVersion "1"]
[SourceVersionDate "2005.11.24"]
[SourceQuality "1"]

1. d4 g6 2. e4 Bg7 3. Nc3 c6 4. f4 d5 5. e5 h5 6. Be3 Nh6 7. h3 Bf5 8. Nf3 e6 9. Bf2 Nd7 10. Rg1 Bf8 11. Bd3 Bxd3 12. Qxd3 Qa5 13. g4 Bb4 14. Ke2 O-O-O 15. a3 Be7 16. b4 Qc7 17. Nd1 Rde8 18. Ne3 Bf8 19. Bh4 Kb8 20. Bg3 Ka8 21. Rgb1 Bg7 22. a4 Rc8 23. Rb3 hxg4 24. hxg4 Ng8 25. a5 Qd8 26. c4 Ne7 27. b5 c5 28. a6 b6 29. Rd1 cxd4 30. Qxd4 Nc5 31. Rbb1 Ne4 32. Be1 f5 33. gxf5 Nxf5 34. Nxf5 gxf5 35. cxd5 Rc2+ 36. Ke3 Bf8 37. d6 Rh3 38. Rdc1 Rc5 39. Rxc5 bxc5 40. Qc4 Qe8 41. Ba5 Rxf3+ 42. Kxf3 Qh5+ 43. Ke3 Qh3+ 44. Ke2 Qg2+ 45. Kd3 Qf3+ 46. Kc2 Qxf4 47. Qxe6 Qf2+ 48. Kb3 c4+ 49. Qxc4 Qe3+ 50. Ka2 Nc5 51. Qd5+ Kb8 1-0

[Event "Carnaval"]
[Site "Quebec CAN"]
[Date "2005.02.19"]
[Round "3"]
[White "Filiatrault, Alexandre"]
[Black "Rivest, Jean-Michel"]
[Result "0-1"]
[WhiteElo "1704"]
[BlackElo "1992"]
[PlyCount "88"]
[GameId "2160767910965651"]
[EventDate "2005.02.18"]
[EventType "swiss"]
[EventRounds "5"]
[EventCountry "CAN"]
[SourceTitle "EXT 2006"]
[Source "ChessBase"]
[SourceDate "2005.11.24"]
[SourceVersion "1"]
[SourceVersionDate "2005.11.24"]
[SourceQuality "1"]

1. e4 c5 2. Nc3 Nc6 3. f4 g6 4. Bb5 Nd4 5. Nf3 Bg7 6. O-O Nxb5 7. Nxb5 d5 8. exd5 a6 9. Nc3 Nf6 10. d3 Nxd5 11. Ne4 Qc7 12. g3 O-O 13. c4 Nf6 14. Qe2 Bf5 15. Nh4 Bh3 16. Re1 Ng4 17. Nf3 h6 18. Rb1 Rfe8 19. Be3 Nxe3 20. Qxe3 Rac8 21. Nc3 Qc6 22. Qe4 Qd6 23. Qd5 Qb6 24. Ne5 Be6 25. Qf3 Rcd8 26. g4 Qd6 27. Rbd1 Qd4+ 28. Kg2 Bxe5 29. Rxe5 b5 30. Re4 Qd7 31. h3 f5 32. gxf5 Bxf5 33. Re5 Qd4 34. Rd5 Rxd5 35. Qxd5+ Qxd5+ 36. Nxd5 Kf7 37. Nc7 Rd8 38. Nxa6 bxc4 39. Nxc5 cxd3 40. h4 Rd5 41. b4 d2 42. Nb3 Bc2 43. Rxd2 Bxb3 44. Rb2 Ba4 0-1

[Event "Carnaval"]
[Site "Quebec CAN"]
[Date "2005.02.19"]
[Round "3"]
[White "L'Heureux, Clement"]
[Black "Godbout, Mathieu"]
[Result "0-1"]
[WhiteElo "1924"]
[BlackElo "1879"]
[PlyCount "88"]
[GameId "2160767910965653"]
[EventDate "2005.02.18"]
[EventType "swiss"]
[EventRounds "5"]
[EventCountry "CAN"]
[SourceTitle "EXT 2006"]
[Source "ChessBase"]
[SourceDate "2005.11.24"]
[SourceVersion "1"]
[SourceVersionDate "2005.11.24"]
[SourceQuality "1"]

1. e4 Nf6 2. Nc3 d5 3. e5 Ne4 4. d4 Nxc3 5. bxc3 c5 6. Nf3 Bg4 7. h3 Bxf3 8. Qxf3 e6 9. Bb5+ Nc6 10. Bxc6+ bxc6 11. O-O Be7 12. Qg4 Kf8 13. f4 g6 14. Qe2 Qd7 15. Qa6 Rb8 16. Ba3 Rb6 17. Qa4 Kg7 18. Bxc5 Bxc5 19. dxc5 Rb5 20. Rab1 Rhb8 21. Rb4 Qe7 22. Rxb5 Rxb5 23. Qd4 Rxc5 24. Qb4 a5 25. Qb6 Rxc3 26. Qxa5 Rxc2 27. Rf2 Qc5 28. Qxc5 Rxc5 29. Rb2 Ra5 30. Kf2 c5 31. Ke2 Ra7 32. Kd2 f6 33. Kc2 fxe5 34. fxe5 g5 35. Kb1 Ra4 36. Rb6 Kf7 37. Rb7+ Kg6 38. Re7 Kf5 39. Rxh7 Kxe5 40. Rg7 Kf4 41. Rg6 Re4 42. g4 d4 43. Rg8 d3 44. Rd8 Ke3 0-1

[Event "Carnaval"]
[Site "Quebec CAN"]
[Date "2005.02.19"]
[Round "3"]
[White "Larochelle, Martial"]
[Black "Auger, Bertrand"]
[Result "1-0"]
[WhiteElo "2228"]
[BlackElo "1918"]
[PlyCount "49"]
[GameId "2160767910965654"]
[EventDate "2005.02.18"]
[EventType "swiss"]
[EventRounds "5"]
[EventCountry "CAN"]
[SourceTitle "EXT 2006"]
[Source "ChessBase"]
[SourceDate "2005.11.24"]
[SourceVersion "1"]
[SourceVersionDate "2005.11.24"]
[SourceQuality "1"]

1. d4 e6 2. c4 Nf6 3. Nf3 b6 4. e3 Bb7 5. Bd3 Ne4 6. Nbd2 f5 7. O-O Be7 8. Qc2 Nf6 9. a3 O-O 10. b4 a5 11. b5 h6 12. Bb2 g5 13. d5 Qe8 14. e4 g4 15. exf5 gxf3 16. fxe6 fxg2 17. Rfe1 Qh5 18. Re3 Bd6 19. h3 dxe6 20. dxe6 Nc6 21. bxc6 Bxc6 22. Ne4 Be5 23. Nxf6+ Bxf6 24. Rg3+ Kh8 25. e7 1-0

[Event "Carnaval"]
[Site "Quebec CAN"]
[Date "2005.02.19"]
[Round "3"]
[White "Lemire-Paquin, Alexandre"]
[Black "Berube, Antoine"]
[Result "1/2-1/2"]
[WhiteElo "1900"]
[BlackElo "2125"]
[PlyCount "66"]
[GameId "2160767910965656"]
[EventDate "2005.02.18"]
[EventType "swiss"]
[EventRounds "5"]
[EventCountry "CAN"]
[SourceTitle "EXT 2006"]
[Source "ChessBase"]
[SourceDate "2005.11.24"]
[SourceVersion "1"]
[SourceVersionDate "2005.11.24"]
[SourceQuality "1"]

1. d4 d5 2. c4 c6 3. Nf3 Nf6 4. Nc3 e6 5. e3 Nbd7 6. Qc2 Bd6 7. Bd2 O-O 8. O-O-O Qe7 9. Kb1 dxc4 10. Bxc4 b5 11. Bd3 Bb7 12. e4 e5 13. dxe5 Bxe5 14. Bg5 h6 15. Bh4 Rfd8 16. Nxe5 Nxe5 17. f3 Rxd3 18. Rxd3 Nxd3 19. Qxd3 g5 20. Bf2 Rd8 21. Qc2 a6 22. Ne2 Nd7 23. Nd4 Ne5 24. Nf5 Qf6 25. Bd4 Bc8 26. Qc3 Re8 27. g4 Bxf5 28. exf5 Qd6 29. Re1 f6 30. Bxe5 Rxe5 31. Rxe5 Qd1+ 32. Qc1 Qd3+ 33. Qc2 Qf1+ 1/2-1/2

[Event "Carnaval"]
[Site "Quebec CAN"]
[Date "2005.02.19"]
[Round "3"]
[White "Marquis, Paul"]
[Black "Sauve, Richard"]
[Result "1/2-1/2"]
[WhiteElo "1895"]
[BlackElo "2047"]
[PlyCount "99"]
[GameId "2160767910965657"]
[EventDate "2005.02.18"]
[EventType "swiss"]
[EventRounds "5"]
[EventCountry "CAN"]
[SourceTitle "EXT 2006"]
[Source "ChessBase"]
[SourceDate "2005.11.24"]
[SourceVersion "1"]
[SourceVersionDate "2005.11.24"]
[SourceQuality "1"]

1. e4 e6 2. d3 d5 3. Nd2 Nf6 4. Ngf3 b6 5. e5 Nfd7 6. d4 c5 7. c3 Be7 8. Bd3 Ba6 9. Qe2 Bxd3 10. Qxd3 Nc6 11. a3 c4 12. Qe2 b5 13. Nf1 O-O 14. Ng3 a5 15. h4 b4 16. Bg5 bxa3 17. bxa3 Rb8 18. O-O h6 19. Bxe7 Qxe7 20. Qe3 Rb3 21. a4 Rfb8 22. Nd2 Rb2 23. h5 Qg5 24. f4 Qg4 25. Rfd1 Rc2 26. Ndf1 Rbb2 27. Rd2 Rxd2 28. Nxd2 Rxd2 29. Qxd2 Qxg3 30. Rb1 Qh4 31. Rb7 Ndb8 32. Qc1 Qxh5 33. Qb1 Qe2 34. Rxb8+ Nxb8 35. Qxb8+ Kh7 36. Qc7 Qe1+ 37. Kh2 Qxc3 38. Qxf7 Qxd4 39. g3 Qb6 40. Kg2 Qd8 41. f5 exf5 42. e6 Qg8 43. Qxf5+ g6 44. Qxd5 c3 45. Qd7+ Qg7 46. e7 c2 47. e8=Q c1=Q 48. Qxg7+ Kxg7 49. Qe7+ Kg8 50. Qe8+ 1/2-1/2

[Event "Carnaval"]
[Site "Quebec CAN"]
[Date "2005.02.19"]
[Round "3"]
[White "Plante, Rejean"]
[Black "Carrier, Claude"]
[Result "0-1"]
[WhiteElo "2091"]
[BlackElo "2054"]
[PlyCount "56"]
[GameId "2160767910965658"]
[EventDate "2005.02.18"]
[EventType "swiss"]
[EventRounds "5"]
[EventCountry "CAN"]
[SourceTitle "EXT 2006"]
[Source "ChessBase"]
[SourceDate "2005.11.24"]
[SourceVersion "1"]
[SourceVersionDate "2005.11.24"]
[SourceQuality "1"]

1. d4 Nf6 2. Bg5 d5 3. Bxf6 exf6 4. e3 Bd6 5. Bd3 O-O 6. Nd2 Re8 7. Qf3 c6 8. Ne2 Qa5 9. c3 Qc7 10. h4 Be6 11. O-O-O Qd7 12. g3 b5 13. Kb1 a5 14. Rc1 Na6 15. Qg2 c5 16. Nf4 c4 17. Nxe6 fxe6 18. Bc2 b4 19. Ka1 a4 20. e4 a3 21. b3 bxc3 22. Nb1 Nb4 23. bxc4 Nxa2 24. Nxc3 Nxc3 25. Bd3 Qb7 26. Rc2 dxe4 27. c5 Reb8 28. Rd2 Qb2+ 0-1

[Event "Carnaval"]
[Site "Quebec CAN"]
[Date "2005.02.19"]
[Round "3"]
[White "Saint Pierre, Steve"]
[Black "Arteau, Benoit"]
[Result "1-0"]
[WhiteElo "1869"]
[BlackElo "1803"]
[PlyCount "47"]
[GameId "2160767910965660"]
[EventDate "2005.02.18"]
[EventType "swiss"]
[EventRounds "5"]
[EventCountry "CAN"]
[SourceTitle "EXT 2006"]
[Source "ChessBase"]
[SourceDate "2005.11.24"]
[SourceVersion "1"]
[SourceVersionDate "2005.11.24"]
[SourceQuality "1"]

1. e3 e5 2. b3 d5 3. Bb2 Nc6 4. Bb5 f6 5. d4 e4 6. h4 Be6 7. Nh3 Bb4+ 8. c3 Bd6 9. Ba3 Bxa3 10. Nxa3 Qd6 11. Nc2 Nge7 12. Nf4 a6 13. Be2 g6 14. c4 Bf7 15. Qd2 h6 16. Qc3 O-O-O 17. c5 Qd7 18. b4 Na7 19. a4 c6 20. Na3 g5 21. Nh3 Rdg8 22. b5 cxb5 23. axb5 axb5 24. Nxb5 1-0

[Event "Carnaval"]
[Site "Quebec CAN"]
[Date "2005.02.19"]
[Round "3"]
[White "St Amand, Paul Jr"]
[Black "Gravel, Simon M"]
[Result "0-1"]
[WhiteElo "2138"]
[BlackElo "2285"]
[PlyCount "78"]
[GameId "2160767910965661"]
[EventDate "2005.02.18"]
[EventType "swiss"]
[EventRounds "5"]
[EventCountry "CAN"]
[SourceTitle "EXT 2006"]
[Source "ChessBase"]
[SourceDate "2005.11.24"]
[SourceVersion "1"]
[SourceVersionDate "2005.11.24"]
[SourceQuality "1"]

1. e4 d5 2. exd5 Qxd5 3. d4 Nf6 4. Nc3 Qa5 5. Nf3 c6 6. Bc4 Bf5 7. Bd2 e6 8. Qe2 Bb4 9. O-O-O Nbd7 10. Rhe1 O-O 11. Ne5 Nxe5 12. dxe5 Nd5 13. Nxd5 cxd5 14. Bxb4 Qxb4 15. Bd3 Rac8 16. g3 Bxd3 17. Rxd3 Rc4 18. Qd2 Qc5 19. Kb1 Rc8 20. Re2 Qc7 21. Rd4 b5 22. Rxc4 bxc4 23. c3 a5 24. f4 Qc5 25. Qd4 a4 26. Qxc5 Rxc5 27. Kc2 Rb5 28. Re1 h5 29. Rb1 Kh7 30. b4 axb3+ 31. axb3 Rxb3 32. Rxb3 cxb3+ 33. Kxb3 Kg6 34. c4 dxc4+ 35. Kxc4 Kf5 36. Kc5 g5 37. fxg5 Kxe5 38. Kc6 Kf5 39. h4 Kg4 0-1

[Event "Carnaval"]
[Site "Quebec CAN"]
[Date "2005.02.20"]
[Round "4"]
[White "Audet-Bouchard, Nicolas"]
[Black "Prahov, Valentin"]
[Result "1-0"]
[WhiteElo "2057"]
[BlackElo "2229"]
[PlyCount "113"]
[GameId "2160767910965664"]
[EventDate "2005.02.18"]
[EventType "swiss"]
[EventRounds "5"]
[EventCountry "CAN"]
[SourceTitle "EXT 2006"]
[Source "ChessBase"]
[SourceDate "2005.11.24"]
[SourceVersion "1"]
[SourceVersionDate "2005.11.24"]
[SourceQuality "1"]

1. e4 c5 2. Nf3 e6 3. d4 cxd4 4. Nxd4 Nf6 5. Nc3 Nc6 6. Ndb5 Bb4 7. a3 Bxc3+ 8. Nxc3 d5 9. exd5 exd5 10. Bd3 O-O 11. O-O d4 12. Ne4 Bf5 13. Bg5 Bxe4 14. Bxe4 h6 15. Bxf6 Qxf6 16. Qf3 Qxf3 17. Bxf3 Ne5 18. Be4 Rac8 19. Rfe1 b6 20. b3 Rfd8 21. Rad1 Rc3 22. Bf5 Rd5 23. Be4 Rd8 24. Bf5 Rc5 25. Be4 g6 26. c4 b5 27. cxb5 Rxb5 28. b4 a5 29. bxa5 Rxa5 30. Bd3 Kg7 31. Bf1 Kf6 32. f4 Nc6 33. a4 Na7 34. Ra1 Rb8 35. Be2 Rb4 36. Bd1 g5 37. fxg5+ hxg5 38. Ra3 Nc6 39. Rf3+ Rf5 40. Rxf5+ Kxf5 41. Bc2+ Kf6 42. Bd3 Ne5 43. Bb5 Ke6 44. Kf2 Kd5 45. h3 Rxb5 46. Rxe5+ Kxe5 47. axb5 Kd5 48. g3 Kc5 49. h4 gxh4 50. gxh4 Kxb5 51. h5 Kc4 52. h6 Kd3 53. h7 Kc2 54. h8=Q d3 55. Qc8+ Kd1 56. Qc3 d2 57. Ke3 1-0

[Event "Carnaval"]
[Site "Quebec CAN"]
[Date "2005.02.20"]
[Round "4"]
[White "Beaudoin, Stephane"]
[Black "Gacogne, Charlie"]
[Result "0-1"]
[WhiteElo "2070"]
[BlackElo "1836"]
[PlyCount "34"]
[GameId "2160767910965665"]
[EventDate "2005.02.18"]
[EventType "swiss"]
[EventRounds "5"]
[EventCountry "CAN"]
[SourceTitle "EXT 2006"]
[Source "ChessBase"]
[SourceDate "2005.11.24"]
[SourceVersion "1"]
[SourceVersionDate "2005.11.24"]
[SourceQuality "1"]

1. e4 d6 2. d4 Nf6 3. Nc3 Nbd7 4. Nf3 e5 5. Bc4 Be7 6. O-O O-O 7. dxe5 dxe5 8. Qe2 c6 9. a4 Qc7 10. Nh4 Nc5 11. Nf5 Be6 12. Nxe7+ Qxe7 13. Bg5 Bxc4 14. Qxc4 Ne6 15. Bh4 Rad8 16. Rad1 Nf4 17. Ne2 Qe6 0-1

[Event "Carnaval"]
[Site "Quebec CAN"]
[Date "2005.02.20"]
[Round "4"]
[White "Berube, Antoine"]
[Black "Champetier, Serge"]
[Result "1/2-1/2"]
[WhiteElo "2125"]
[BlackElo "1908"]
[PlyCount "93"]
[GameId "2160767910965666"]
[EventDate "2005.02.18"]
[EventType "swiss"]
[EventRounds "5"]
[EventCountry "CAN"]
[SourceTitle "EXT 2006"]
[Source "ChessBase"]
[SourceDate "2005.11.24"]
[SourceVersion "1"]
[SourceVersionDate "2005.11.24"]
[SourceQuality "1"]

1. d4 d5 2. c4 Nc6 3. Nf3 Bg4 4. cxd5 Bxf3 5. dxc6 Bxc6 6. Nc3 Nf6 7. Bg5 e6 8. f3 Be7 9. e3 O-O 10. Bd3 Nd5 11. Bxe7 Qxe7 12. Qe2 Qh4+ 13. g3 Qh5 14. e4 Nxc3 15. bxc3 f5 16. O-O Rad8 17. Bb5 Rd6 18. Rab1 fxe4 19. Bxc6 Rxc6 20. Qxe4 Qf5 21. Rxb7 Rxc3 22. Qxf5 Rxf5 23. Rxa7 Rd5 24. Ra4 Kf7 25. Rb4 Ke7 26. a4 Ra3 27. Rc1 Kd6 28. Rbc4 c5 29. dxc5+ Kc6 30. Rb4 Ra2 31. Rh4 h6 32. Rf1 Rdd2 33. Rh5 Rg2+ 34. Kh1 Rgc2 35. Re1 Rxa4 36. Rxe6+ Kc7 37. Re7+ Kc6 38. Re6+ Kc7 39. Re1 Raa2 40. Rf1 Kd7 41. g4 Ke6 42. f4 Kf7 43. Rg1 Ra5 44. g5 Raxc5 45. g6+ Kf6 46. Rxc5 Rxc5 47. Kg2 1/2-1/2

[Event "Carnaval"]
[Site "Quebec CAN"]
[Date "2005.02.20"]
[Round "4"]
[White "Caire, Francois"]
[Black "Panayotov, Ivo"]
[Result "1-0"]
[WhiteElo "2201"]
[BlackElo "1834"]
[PlyCount "81"]
[GameId "2160767910965667"]
[EventDate "2005.02.18"]
[EventType "swiss"]
[EventRounds "5"]
[EventCountry "CAN"]
[SourceTitle "EXT 2006"]
[Source "ChessBase"]
[SourceDate "2005.11.24"]
[SourceVersion "1"]
[SourceVersionDate "2005.11.24"]
[SourceQuality "1"]

1. d4 Nf6 2. c4 e6 3. Nf3 d5 4. Nc3 Nbd7 5. Bg5 Be7 6. e3 O-O 7. Qc2 h6 8. Bh4 b6 9. cxd5 exd5 10. Bd3 Bb7 11. O-O Ne4 12. Nxe4 Bxh4 13. Nxh4 Qxh4 14. Qxc7 Bc8 15. Qg3 Qe7 16. Qd6 Qxd6 17. Nxd6 Nf6 18. Nxc8 Rfxc8 19. Rfc1 Kf8 20. Bf5 Rxc1+ 21. Rxc1 Re8 22. Kf1 g6 23. Bd3 Re7 24. Ke2 Rd7 25. Rc8+ Ke7 26. Bb5 Rd8 27. Rc7+ Ke6 28. Rxa7 Rc8 29. Bd3 Ne4 30. Bxe4 dxe4 31. Kd2 Rc6 32. Ra3 f5 33. Rc3 Rd6 34. b4 f4 35. b5 g5 36. Rc6 h5 37. Rxd6+ Kxd6 38. g3 fxg3 39. fxg3 Kd5 40. Kc3 g4 41. Kb4 1-0

[Event "Carnaval"]
[Site "Quebec CAN"]
[Date "2005.02.20"]
[Round "4"]
[White "Cazelais, Marc"]
[Black "Lemire-Paquin, Alexandre"]
[Result "1/2-1/2"]
[WhiteElo "2249"]
[BlackElo "1900"]
[PlyCount "82"]
[GameId "2160767910965669"]
[EventDate "2005.02.18"]
[EventType "swiss"]
[EventRounds "5"]
[EventCountry "CAN"]
[SourceTitle "EXT 2006"]
[Source "ChessBase"]
[SourceDate "2005.11.24"]
[SourceVersion "1"]
[SourceVersionDate "2005.11.24"]
[SourceQuality "1"]

1. e4 c5 2. c3 d5 3. exd5 Qxd5 4. d4 cxd4 5. cxd4 Nc6 6. Nf3 Bg4 7. Nc3 Bxf3 8. gxf3 Qxd4 9. Qxd4 Nxd4 10. Nb5 Nc2+ 11. Kd1 Rc8 12. Nxa7 Rc5 13. b4 Nxb4 14. Bb5+ Nc6 15. Be3 Rd5+ 16. Ke2 e6 17. a4 Nge7 18. a5 Rxb5 19. Nxb5 Nd5 20. Rhc1 Ndb4 21. Nd4 Kd7 22. Nxc6 bxc6 23. a6 Bd6 24. a7 Ra8 25. Rc4 Nd5 26. h3 Nc7 27. Rh4 h6 28. Rg1 Bf8 29. Ra4 Nb5 30. Rc1 Nc7 31. Rac4 c5 32. Ra1 Nb5 33. Bxc5 Bxc5 34. Rxc5 Rxa7 35. Rxa7+ Nxa7 36. Kd3 Nc6 37. Rb5 Ke7 38. Ke4 Kf6 39. f4 Ne7 40. Rb6 Nf5 41. Ra6 Ne7 1/2-1/2

[Event "Carnaval"]
[Site "Quebec CAN"]
[Date "2005.02.20"]
[Round "4"]
[White "Filiatrault, Alexandre"]
[Black "Marquis, Paul"]
[Result "1/2-1/2"]
[WhiteElo "1704"]
[BlackElo "1895"]
[PlyCount "82"]
[GameId "2160767910965670"]
[EventDate "2005.02.18"]
[EventType "swiss"]
[EventRounds "5"]
[EventCountry "CAN"]
[SourceTitle "EXT 2006"]
[Source "ChessBase"]
[SourceDate "2005.11.24"]
[SourceVersion "1"]
[SourceVersionDate "2005.11.24"]
[SourceQuality "1"]

1. e4 d6 2. d4 Nf6 3. Nc3 g6 4. f4 Bg7 5. Nf3 c5 6. dxc5 Qa5 7. Bd3 Qxc5 8. Qe2 Nc6 9. Be3 Qa5 10. O-O Bg4 11. h3 Bxf3 12. Qxf3 O-O 13. Ne2 Nd7 14. c3 Nc5 15. Bc2 Qc7 16. g4 b5 17. h4 b4 18. h5 bxc3 19. bxc3 g5 20. fxg5 Ne5 21. Qh3 Qd7 22. Rf5 Rab8 23. Raf1 Rb2 24. Nd4 Qb7 25. g6 fxg6 26. Rxf8+ Bxf8 27. Bb3+ Nxb3 28. Ne6 Bg7 29. Nxg7 Kxg7 30. hxg6 Nxg6 31. Qf3 Qc8 32. axb3 Qe6 33. Bxa7 Qxb3 34. Bd4+ Kg8 35. Qf5 e5 36. Qc8+ Kg7 37. Qd7+ Kg8 38. Be3 Qa2 39. Qd8+ Kg7 40. Qf6+ Kg8 41. Qd8+ Kg7 1/2-1/2

[Event "Carnaval"]
[Site "Quebec CAN"]
[Date "2005.02.20"]
[Round "4"]
[White "Larochelle, Martial"]
[Black "Bolduc, Steve"]
[Result "0-1"]
[WhiteElo "2228"]
[BlackElo "2258"]
[PlyCount "72"]
[GameId "2160767910965671"]
[EventDate "2005.02.18"]
[EventType "swiss"]
[EventRounds "5"]
[EventCountry "CAN"]
[SourceTitle "EXT 2006"]
[Source "ChessBase"]
[SourceDate "2005.11.24"]
[SourceVersion "1"]
[SourceVersionDate "2005.11.24"]
[SourceQuality "1"]

1. c4 b6 2. Nc3 Bb7 3. e4 e6 4. g3 f5 5. Bg2 Nf6 6. d3 Bb4 7. Nge2 fxe4 8. O-O O-O 9. dxe4 a5 10. b3 Ng4 11. Bd2 Nxf2 12. Rxf2 Bc5 13. Be1 Qf6 14. Nf4 Bxf2+ 15. Bxf2 Qxc3 16. Bd4 Qb4 17. Nh5 Rf7 18. Qg4 e5 19. Rf1 Rxf1+ 20. Bxf1 Qe7 21. Be3 c5 22. Bh6 g6 23. Ng7 Nc6 24. h4 Nd4 25. h5 Qf7 26. Bg2 a4 27. hxg6 hxg6 28. Qg5 axb3 29. Nh5 b2 30. Nf6+ Kh8 31. Qh4 b1=Q+ 32. Kh2 Nf3+ 33. Bxf3 Rxa2+ 34. Bg2 Rxg2+ 35. Kxg2 Bxe4+ 36. Kf2 Qh1 0-1